000 00961nam a2200229Ia 4500
999 _c40991
_d40991
001 7639
003 GE_BSU
005 20240122134841.0
008 181216s2071||||ge |||||||||||||| ||geo||
040 _cGE_BSU
041 _ageo
080 _a821.353.1-32 დ–74
100 _aდონჟაშვილი, თინა
_920879
245 _aვერ მიგატოვებ :
_bმოთხრობები /
_cთინა დონჟაშვილი ; რედ. ც.ქაროსანიძე ; მხატვ. ზ. ხარაბაძე.
264 _aთბილისი :
_bმერანი,
_c1971.
300 _a376 გვ. ;
_c21 სმ.
653 _aვერ მიგატოვებ
653 _aმოთხრობები
700 _aქაროსანიძე, ც.
_eრედაქტორი
_93742
700 _aხარაბაძე, ზ.
_eმხატვარი
_921080
942 _cBK
_2udc